[Event "IV Turniej Szachowy „Cztery Pory Roku” o Puchar Burmistrza Ursusa - grupa A"]
[Site "Dom Kultury "Kolorowa" Ursus ul. Sosnkowskiego 16"]
[Date "2011.??.??"]
[Round "1.1"]
[White "Praczukowski, Stanislaw"]
[Black "Strzemiecki, Zbigniew"]
[Result "0-1"]
[WhiteElo "1628"]
[BlackElo "2422"]
[WhiteTitle "II"]
[BlackTitle "FM"]

1.d4 Nf6 2.c4 g6 3.g3 c5 4.d5 Bg7 5.Bg2 d6 6.Nf3 O-O 7.O-O Bg4 8.Nc3 Na6 
9.h3 Bxf3 10.Bxf3 Nc7 11.a4 a6 12.a5 Rb8 13.Na4 Nd7 14.Qb3 Na8 15.Bd2 Qc7 
16.Rab1 b5 17.axb6 Naxb6 18.Nxb6 Qxb6 19.Qxb6 Rxb6 20.Bg5 Re8 21.e4 Bxb2 
22.Bc1 Bd4 23.Rxb6 Nxb6 24.Bg5 f6 25.Bh6 Nxc4 26.Be2 Ne5 27.Bd2 Rb8 28.
Bxa6 Nf3+ 0-1

[Event "IV Turniej Szachowy „Cztery Pory Roku” o Puchar Burmistrza Ursusa - grupa A"]
[Site "Dom Kultury "Kolorowa" Ursus ul. Sosnkowskiego 16"]
[Date "2011.??.??"]
[Round "1.2"]
[White "Janczarski, Michal"]
[Black "Stezycka, Paulina"]
[Result "1-0"]
[WhiteElo "2331"]
[BlackElo "1571"]
[WhiteTitle "k++"]
[BlackTitle "II+"]

1.g3 Nf6 2.Bg2 g6 3.c4 e5 4.Nc3 Bg7 5.Nf3 d6 6.d3 O-O 7.O-O Nbd7 8.Rb1 h6 
9.b4 Nh7 10.c5 f5 11.Nh4 g5 12.Bd5+ 1-0

[Event "IV Turniej Szachowy „Cztery Pory Roku” o Puchar Burmistrza Ursusa - grupa A"]
[Site "Dom Kultury "Kolorowa" Ursus ul. Sosnkowskiego 16"]
[Date "2011.??.??"]
[Round "1.3"]
[White "Fraczek, Lukasz"]
[Black "Nowicki, Bartosz"]
[Result "0-1"]
[WhiteElo "1503"]
[BlackElo "2138"]
[WhiteTitle "III"]
[BlackTitle "k"]

1.e4 c5 2.Nf3 d6 3.c3 Nf6 4.Bd3 g6 5.O-O Bg7 6.h3 O-O 7.Bc2 Nc6 8.d4 cxd4 
9.Nxd4 Bd7 10.Bg5 Rc8 11.Nd2 Qb6 12.N4b3 a6 13.Nf3 Rfd8 14.Re1 Qc7 15.Nbd2
b5 16.Nf1 Na5 17.Bd3 Nc4 18.Qe2 Be6 19.Nd4 Ne5 20.Nxe6 fxe6 21.f4 Qc5+ 22.
Kh1 Nxd3 23.Qxd3 Kf7 24.Ng3 Qc4 25.Qxc4 Rxc4 26.f5 h6 27.Bd2 Nd7 28.Be3 
Nc5 29.Bxc5 dxc5 30.fxg6+ Kxg6 31.Re2 b4 32.cxb4 cxb4 33.Rb1 Rdc8 34.Rd1 
Rc1 35.Rxc1 Rxc1+ 36.Kh2 Be5 37.h4 Rb1 38.a3 bxa3 39.bxa3 Rb3 0-1

[Event "IV Turniej Szachowy „Cztery Pory Roku” o Puchar Burmistrza Ursusa - grupa A"]
[Site "Dom Kultury "Kolorowa" Ursus ul. Sosnkowskiego 16"]
[Date "2011.??.??"]
[Round "1.4"]
[White "Jarmula, Pawel"]
[Black "Rosiak, Tomasz"]
[Result "1/2-1/2"]
[WhiteElo "2081"]
[BlackElo "1450"]
[WhiteTitle "I"]
[BlackTitle "II"]

1.e4 c6 2.c4 d5 3.exd5 cxd5 4.cxd5 Nf6 5.Qa4+ Bd7 6.Qb3 Qc7 7.Bc4 b5 8.d3 
bxc4 9.Qxc4 Nxd5 10.Qxc7 Nxc7 11.Nc3 e6 12.Nf3 Nb5 13.O-O Be7 14.Be3 Nxc3 
15.bxc3 Nc6 16.Rab1 Bc8 17.Rb3 O-O 18.Rfb1 Ba6 19.c4 Rab8 20.Kf1 Rb4 21.
Rxb4 Nxb4 22.Ke2 Rd8 23.Ne5 Bd6 24.Rxb4 Bxe5 25.Ra4 Bb7 26.f3 a6 1/2-1/2

[Event "IV Turniej Szachowy „Cztery Pory Roku” o Puchar Burmistrza Ursusa - grupa A"]
[Site "Dom Kultury "Kolorowa" Ursus ul. Sosnkowskiego 16"]
[Date "2011.??.??"]
[Round "1.5"]
[White "Powalka, Michal"]
[Black "Grochulski, Grzegorz"]
[Result "0-1"]
[WhiteElo "1423"]
[BlackElo "2057"]
[WhiteTitle "II"]
[BlackTitle "I"]

1.e4 c5 2.Nf3 e6 3.d4 cxd4 4.Nxd4 Nf6 5.Nc3 d6 6.Bg5 Be7 7.f4 Nc6 8.Be2 a6
9.Qd2 Bd7 10.O-O-O Qc7 11.g4 b5 12.a3 Rc8 13.f5 h6 14.Bh4 Nxe4 15.Nxe4 
Nxd4 16.Bxe7 Nb3+ 17.Kb1 Nxd2+ 18.Rxd2 Kxe7 19.Nxd6 Qxd6 0-1

[Event "IV Turniej Szachowy „Cztery Pory Roku” o Puchar Burmistrza Ursusa - grupa A"]
[Site "Dom Kultury "Kolorowa" Ursus ul. Sosnkowskiego 16"]
[Date "2011.??.??"]
[Round "1.6"]
[White "Borowicz, Przemyslaw"]
[Black "Mincewicz, Tomasz"]
[Result "1-0"]
[WhiteElo "2005"]
[BlackElo "1386"]
[WhiteTitle "I++"]
[BlackTitle "III"]

1.d4 Nf6 2.c4 e6 3.Nc3 c5 4.d5 exd5 5.cxd5 d6 6.e4 g6 7.f4 Bg7 8.Nf3 O-O 
9.Be2 a6 10.a4 Re8 11.Nd2 Nbd7 12.O-O Qb6 13.Nc4 Qc7 14.Bf3 Nb6 15.Nd2 
Nbd7 16.Re1 Rb8 17.Be2 Nb6 18.Qb3 Bg4 19.Bd3 c4 20.Nxc4 Nxc4 21.Qxc4 Qxc4 
22.Bxc4 Rbc8 23.Bd3 Nd7 24.Bd2 Nc5 25.Bc2 Re7 26.f5 gxf5 27.exf5 Rxe1+ 28.
Rxe1 Bh5 29.h3 f6 30.Bf4 Bf8 31.Rc1 Re8 32.b4 Nd7 33.Ne4 Bf7 34.Rd1 Kg7 
35.Bxd6 Bxd6 36.Nxd6 Re5 37.Bb3 b6 38.Kf2 a5 39.g4 axb4 40.Rd4 Nc5 41.Nxf7
Nxb3 42.Rxb4 Rxd5 43.Rxb3 Kxf7 44.Rxb6 h5 45.Rb7+ Kg8 46.Ra7 hxg4 47.hxg4 
Rd4 48.Kg3 Rd1 49.a5 Ra1 50.a6 Ra4 51.Kh4 Kf8 52.Kh5 Ke8 53.Kg6 Rxg4+ 54.
Kxf6 Rg1 55.Ra8+ Kd7 56.a7 Ra1 57.Rh8 Ra6+ 58.Kg5 1-0

[Event "IV Turniej Szachowy „Cztery Pory Roku” o Puchar Burmistrza Ursusa - grupa A"]
[Site "Dom Kultury "Kolorowa" Ursus ul. Sosnkowskiego 16"]
[Date "2011.??.??"]
[Round "1.7"]
[White "Reda, Patrycja"]
[Black "Eggink, Mateusz"]
[Result "0-1"]
[WhiteElo "1345"]
[BlackElo "1973"]
[WhiteTitle "II"]
[BlackTitle "II+"]

1.e4 c5 2.Nf3 d6 3.d4 cxd4 4.Nxd4 Nf6 5.Nc3 a6 6.f3 e6 7.Be3 b5 8.Qd2 Nbd7
9.Be2 Bb7 10.O-O b4 11.Nd1 d5 12.exd5 Nxd5 13.Bf2 Bd6 14.Ne3 N7b6 15.h3 
Qg5 16.Rad1 Nf4 17.Ng4 h5 18.h4 Qg6 19.Bg3 Nxe2+ 20.Nxe2 Bxg3 21.Nxg3 hxg4
22.h5 Qh6 23.Qd4 Nd5 24.Rde1 O-O 25.fxg4 Rad8 26.Qf2 Nf6 27.Rd1 Nxg4 28.
Rxd8 Nxf2 29.Rxf8+ Kxf8 30.Kxf2 Qf4+ 31.Kg1 Qxg3 0-1

[Event "IV Turniej Szachowy „Cztery Pory Roku” o Puchar Burmistrza Ursusa - grupa A"]
[Site "Dom Kultury "Kolorowa" Ursus ul. Sosnkowskiego 16"]
[Date "2011.??.??"]
[Round "1.8"]
[White "Rogalski, Krzysztof"]
[Black "Wrzesinski, Gustaw"]
[Result "1-0"]
[WhiteElo "1919"]
[BlackElo "1342"]
[WhiteTitle "I"]
[BlackTitle "III"]

1.Nf3 c5 2.b3 d6 3.Bb2 Nc6 4.c4 Nf6 5.d3 g6 6.Nbd2 Bg7 7.g3 O-O 8.Bg2 e5 
9.O-O Ne8 10.e4 Bg4 11.h3 Bd7 12.Re1 Qc8 13.Kh2 Qc7 14.Nf1 f5 15.Ne3 Nf6 
16.Nd5 Nxd5 17.cxd5 Ne7 18.Qd2 Bc8 19.Ng1 fxe4 20.dxe4 Qb6 21.f3 Bd7 22.
Ne2 Rac8 23.Rac1 Rf7 24.Rc2 Rcf8 25.Rf1 Bb5 26.Bc1 Rc8 27.Qe3 Qa6 28.Rd1 
c4 29.Nc3 cxb3 30.axb3 Qb6 31.Qxb6 axb6 32.Be3 Be2 33.Rxe2 Rxc3 34.Rb1 b5 
35.Kg1 Rf8 36.Bd2 Rd3 37.Bb4 Rd8 38.Rd2 Re3 39.Kf2 Bh6 40.Re2 Rd3 41.Rc2 
Rc8 42.Rxc8+ Nxc8 43.Bf1 Re3 44.Bd2 1-0

[Event "IV Turniej Szachowy „Cztery Pory Roku” o Puchar Burmistrza Ursusa - grupa A"]
[Site "Dom Kultury "Kolorowa" Ursus ul. Sosnkowskiego 16"]
[Date "2011.??.??"]
[Round "1.9"]
[White "Reda, Lucja"]
[Black "Kaminska, Paulina"]
[Result "0-1"]
[WhiteElo "1304"]
[BlackElo "1914"]
[WhiteTitle "II"]
[BlackTitle "k"]

1.e4 e5 2.Nf3 Nc6 3.Bc4 Bc5 4.d3 Nf6 5.Bg5 h6 6.Bh4 d6 7.h3 Be6 8.Bb3 Qd7 
9.Nc3 Nd4 10.Nxd4 exd4 11.Ne2 Bb4+ 12.c3 dxc3 13.Nxc3 O-O-O 14.Qc2 g5 15.
Bg3 Nh5 16.Bh2 f5 17.O-O-O f4 18.g3 Bxh3 19.gxf4 Nxf4 20.Kb1 Bg4 21.Rde1 
Bxc3 22.Qxc3 Kb8 23.Re3 Rhf8 24.Qc2 Ne6 25.Rf1 Nd4 26.Qc3 Nf3 27.Bg3 h5 
28.Rh1 a6 29.d4 h4 30.Bh2 Rde8 31.Qd3 Qg7 32.d5 Nxh2 33.Rxh2 Qe5 34.Rg2 
Bd7 35.Qc2 h3 36.Rg1 Qh2 37.Rf1 Bb5 38.Rd1 Rxf2 39.Qc3 g4 40.Rc1 Qe5 41.
Qxe5 Rxe5 42.Rh1 Rf1+ 43.Rxf1 Bxf1 44.Rg3 h2 0-1

[Event "IV Turniej Szachowy „Cztery Pory Roku” o Puchar Burmistrza Ursusa - grupa A"]
[Site "Dom Kultury "Kolorowa" Ursus ul. Sosnkowskiego 16"]
[Date "2011.??.??"]
[Round "1.10"]
[White "Suliborski, Jakub"]
[Black "Mantaev, Ruslan"]
[Result "1-0"]
[WhiteElo "1902"]
[BlackElo "1271"]
[WhiteTitle "I"]
[BlackTitle "III"]

1.e4 e6 2.d4 d5 3.Nd2 Nf6 4.e5 Nfd7 5.Bd3 c5 6.c3 cxd4 7.cxd4 Nc6 8.Ne2 
Bb4 9.O-O Ba5 10.Nb3 Bb6 11.Be3 a6 12.Nf4 O-O 13.Qg4 Qe7 14.Qh5 f5 15.h4 
Qe8 16.Qf3 Bd8 17.g4 Bxh4 18.gxf5 exf5 19.Qxd5+ Kh8 20.Qh1 Ndxe5 21.dxe5 
Nxe5 22.Bd4 Nxd3 23.Qxh4 Nxf4 24.Qxf4 Qh5 25.Qg3 Rf7 26.f4 Bd7 27.Rf2 Bc6 
28.Rh2 Qg4 29.Qxg4 fxg4 30.Be5 Rd8 31.Nd4 Rfd7 32.Nxc6 bxc6 33.Rc2 h5 34.
Rh2 Rd1+ 35.Rxd1 Rxd1+ 36.Kf2 Rd2+ 37.Kg3 Rxh2 38.Kxh2 h4 39.f5 Kh7 40.Bf4
Kg8 41.Bg5 h3 42.Kg3 Kf7 43.Bf4 g6 44.fxg6+ Kxg6 45.Kxg4 Kf6 46.Kxh3 c5 
47.Bd2 Ke5 48.Kg3 Ke4 49.Bc3 c4 50.Kg4 Kd3 51.Kf4 Kc2 52.Ke4 a5 53.Kd4 1-0

[Event "IV Turniej Szachowy „Cztery Pory Roku” o Puchar Burmistrza Ursusa - grupa A"]
[Site "Dom Kultury "Kolorowa" Ursus ul. Sosnkowskiego 16"]
[Date "2011.??.??"]
[Round "2.1"]
[White "Strzemiecki, Zbigniew"]
[Black "Suliborski, Jakub"]
[Result "1-0"]
[WhiteElo "2422"]
[BlackElo "1902"]
[WhiteTitle "FM"]
[BlackTitle "I"]

1.e4 e5 2.Nf3 Nc6 3.Bb5 a6 4.Bxc6 dxc6 5.O-O Qd6 6.Na3 Be6 7.Qe2 f6 8.Rd1 
c5 9.c3 O-O-O 10.d4 cxd4 11.cxd4 exd4 12.Rxd4 Qb6 13.Rxd8+ Kxd8 14.Nc2 Bd6
15.Nfd4 Bd7 16.b4 Be5 17.Be3 Qd6 18.Rd1 Bxh2+ 19.Kh1 Qe5 20.Qd2 Qd6 21.g3 
Bxg3 22.fxg3 Bg4 23.Nf5 Bxf5 24.Qxd6+ cxd6 25.exf5 Ke7 26.Bf4 Nh6 27.Bxh6 
gxh6 28.Ne3 Rc8 29.Kg2 a5 30.a3 axb4 31.axb4 Kd7 32.Nd5 1-0

[Event "IV Turniej Szachowy „Cztery Pory Roku” o Puchar Burmistrza Ursusa - grupa A"]
[Site "Dom Kultury "Kolorowa" Ursus ul. Sosnkowskiego 16"]
[Date "2011.??.??"]
[Round "2.2"]
[White "Kaminska, Paulina"]
[Black "Janczarski, Michal"]
[Result "0-1"]
[WhiteElo "1914"]
[BlackElo "2331"]
[WhiteTitle "k"]
[BlackTitle "k++"]

1.e4 c5 2.Nf3 d6 3.d4 cxd4 4.Nxd4 Nf6 5.Nc3 a6 6.Be2 e6 7.O-O Be7 8.Kh1 
Qc7 9.f4 b5 10.a3 Bb7 11.Bf3 Nbd7 12.f5 e5 13.Nde2 Nc5 14.Ng3 O-O 15.Bg5 
Ncd7 16.Nh5 Rac8 17.Qd2 Rfe8 18.g4 Qc4 19.Bxf6 Nxf6 20.Nxf6+ Bxf6 21.g5 
Be7 22.f6 Bf8 23.fxg7 Kxg7 24.Qg2 Rc7 25.Bg4 Kh8 26.Bf5 a5 27.Qh3 f6 28.
gxf6 b4 29.axb4 axb4 30.Bg6 bxc3 31.Bxe8 Qxe4+ 32.Kg1 cxb2 33.Rae1 Qh1+ 
34.Kf2 Rxc2+ 35.Re2 b1=Q 36.Rxh1 Qb6+ 37.Ke1 Rc1+ 38.Kd2 Qb2+ 0-1

[Event "IV Turniej Szachowy „Cztery Pory Roku” o Puchar Burmistrza Ursusa - grupa A"]
[Site "Dom Kultury "Kolorowa" Ursus ul. Sosnkowskiego 16"]
[Date "2011.??.??"]
[Round "2.3"]
[White "Nowicki, Bartosz"]
[Black "Brudzinski, Maciej"]
[Result "1/2-1/2"]
[WhiteElo "2138"]
[BlackElo "1879"]
[WhiteTitle "k"]
[BlackTitle "I+"]

1.e4 d6 2.d4 Nf6 3.Nc3 Nbd7 4.f4 e5 5.Nf3 Qe7 6.Bd3 c6 7.O-O g6 8.Qe1 Bg7 
9.fxe5 dxe5 10.Qh4 h6 11.Be3 g5 12.Qg3 Nh5 13.Qf2 Nf4 14.dxe5 Nxe5 15.Nxe5
Bxe5 16.Bc5 Qc7 17.Kh1 b6 18.Bd4 Be6 19.a4 O-O-O 20.Bxe5 Qxe5 21.a5 Nxd3 
22.cxd3 Kb7 23.axb6 axb6 24.Ra4 Rxd3 25.Rfa1 Rb8 26.Qc2 Rd4 27.Ra7+ Kc8 
28.Re7 Kd8 29.Raa7 Qf4 30.Qb1 Rd2 31.Qg1 Bd7 32.Nd5 Rxd5 33.exd5 Kxe7 34.
dxc6 Rd8 35.Qe1+ Kd6 36.cxd7 Qe5 37.Qf2 Kc6 38.h3 Qe6 39.Qf3+ Kd6 40.Qa3+ 
Kc6 41.Qa4+ Kd6 42.Qb4+ Kc6 1/2-1/2

[Event "IV Turniej Szachowy „Cztery Pory Roku” o Puchar Burmistrza Ursusa - grupa A"]
[Site "Dom Kultury "Kolorowa" Ursus ul. Sosnkowskiego 16"]
[Date "2011.??.??"]
[Round "2.4"]
[White "Grochulski, Grzegorz"]
[Black "Winiarski, Mikolaj"]
[Result "1-0"]
[WhiteElo "2057"]
[BlackElo "1857"]
[WhiteTitle "I"]
[BlackTitle "I"]

1.d4 Nf6 2.c4 g6 3.Nc3 Bg7 4.e4 d6 5.Nf3 O-O 6.Be2 e5 7.Be3 Nc6 8.d5 Ne7 
9.Nd2 Ne8 10.c5 f5 11.f3 f4 12.Bf2 Nf6 13.cxd6 cxd6 14.Nc4 g5 15.Nb5 Ne8 
16.Bxa7 Rxa7 17.Nxa7 Bd7 18.Qb3 Ng6 19.Qxb7 g4 20.O-O-O Rf7 21.Qb6 Qa8 22.
Kb1 Ba4 23.Nc6 Bxd1 24.Rxd1 gxf3 25.gxf3 Bf8 26.Qd8 Qxd8 27.Nxd8 1-0

[Event "IV Turniej Szachowy „Cztery Pory Roku” o Puchar Burmistrza Ursusa - grupa A"]
[Site "Dom Kultury "Kolorowa" Ursus ul. Sosnkowskiego 16"]
[Date "2011.??.??"]
[Round "2.5"]
[White "Ciechonski, Piotr"]
[Black "Borowicz, Przemyslaw"]
[Result "0-1"]
[WhiteElo "1888"]
[BlackElo "2005"]
[WhiteTitle "I"]
[BlackTitle "I++"]

1.e4 c6 2.d4 d5 3.Nc3 dxe4 4.Nxe4 Nd7 5.Qe2 e6 6.Bf4 Ndf6 7.Nf3 Nxe4 8.
Qxe4 Nf6 9.Qe5 Be7 10.Bd3 O-O 11.O-O Qd5 12.c4 Qxe5 13.dxe5 Nd7 14.Rfe1 b6
15.Rad1 Rd8 16.Bg5 Bxg5 17.Nxg5 h6 18.Nf3 Bb7 19.Bf1 Kf8 20.g3 Ke7 21.Bg2 
c5 22.Nd2 Bxg2 23.Kxg2 Nb8 24.Ne4 Nc6 25.f4 Nb4 26.Rxd8 Rxd8 27.Nd6 f6 28.
exf6+ Kxf6 29.Ne4+ Kf5 30.Kf3 Nc2 31.g4+ Kg6 32.Rc1 Rd3+ 33.Kf2 Nd4 34.Rc3
Rd1 35.a3 Rb1 36.b4 cxb4 37.axb4 Rb2+ 38.Ke3 Nc2+ 39.Rxc2 Rxc2 40.Nd2 Kf6 
41.h4 Rc3+ 42.Kd4 Rh3 43.Ne4+ Ke7 44.c5 Rxh4 45.Nd6 Rxg4 46.Nc8+ Kd7 47.
Nxa7 Rxf4+ 48.Ke5 Rxb4 49.c6+ Kc7 50.Kxe6 Ra4 0-1

[Event "IV Turniej Szachowy „Cztery Pory Roku” o Puchar Burmistrza Ursusa - grupa A"]
[Site "Dom Kultury "Kolorowa" Ursus ul. Sosnkowskiego 16"]
[Date "2011.??.??"]
[Round "2.6"]
[White "Eggink, Mateusz"]
[Black "Ogonowski, Jakub"]
[Result "1-0"]
[WhiteElo "1973"]
[BlackElo "1725"]
[WhiteTitle "II+"]
[BlackTitle "II"]

1.e4 c5 2.Nf3 d6 3.d4 cxd4 4.Nxd4 Nf6 5.Nc3 a6 6.Bg5 e6 7.f4 Qc7 8.Qf3 b5 
9.O-O-O Nbd7 10.g4 Bb7 11.Bxf6 Nxf6 12.g5 b4 13.Ncb5 axb5 14.gxf6 gxf6 15.
Bxb5+ Ke7 16.Kb1 f5 17.Rhe1 fxe4 18.Qg4 Qa5 19.Qh4+ f6 20.Bc4 d5 21.Bb3 
Qb6 22.f5 e5 23.Ne6 Ra5 24.Qh5 Qc6 25.Rxe4 dxe4 26.Nc7 Qd6 27.Qe8# 1-0

[Event "IV Turniej Szachowy „Cztery Pory Roku” o Puchar Burmistrza Ursusa - grupa A"]
[Site "Dom Kultury "Kolorowa" Ursus ul. Sosnkowskiego 16"]
[Date "2011.??.??"]
[Round "2.7"]
[White "Jarmula, Lukasz"]
[Black "Rogalski, Krzysztof"]
[Result "1-0"]
[WhiteElo "1871"]
[BlackElo "1919"]
[WhiteTitle "I"]
[BlackTitle "I"]

1.e4 c5 2.Nf3 e6 3.d4 cxd4 4.Nxd4 a6 5.Bd3 Qc7 6.O-O Nf6 7.Nc3 Nc6 8.Be3 
b5 9.Kh1 Bb7 10.Qe2 Rc8 11.Rae1 Ne5 12.f4 Nc4 13.Bc1 Bb4 14.e5 Nd5 15.Nxd5
Bxd5 16.c3 Bc5 17.b3 Nb6 18.f5 exf5 19.Nxf5 Kf8 20.Qg4 g6 21.Bh6+ Kg8 22.
Qg5 Qd8 23.Qg3 Bf8 24.Bg5 Qc7 25.Bf6 Qxc3 26.Nd6 Bxd6 27.exd6 Qc6 28.Qe5 
Bxg2+ 29.Kg1 1-0

[Event "IV Turniej Szachowy „Cztery Pory Roku” o Puchar Burmistrza Ursusa - grupa A"]
[Site "Dom Kultury "Kolorowa" Ursus ul. Sosnkowskiego 16"]
[Date "2011.??.??"]
[Round "2.8"]
[White "Lewandrowski, Tomasz"]
[Black "Jarmula, Pawel"]
[Result "0-1"]
[WhiteElo "1835"]
[BlackElo "2081"]
[WhiteTitle "II+"]
[BlackTitle "I"]

1.e4 c5 2.Nf3 d6 3.d4 cxd4 4.Nxd4 Nf6 5.Nc3 a6 6.Be2 Nbd7 7.O-O g6 8.Bg5 
Bg7 9.Qd2 O-O 10.Kh1 Nc5 11.f3 b5 12.Nb3 Ne6 13.Be3 Bb7 14.Rad1 Rc8 15.a3 
Re8 16.Qe1 Qc7 17.Qf2 Nd7 18.Nd4 Nxd4 19.Bxd4 Bxd4 20.Qxd4 Qc5 21.Qd2 Nb6 
22.Rc1 b4 23.Nb1 bxa3 24.Nxa3 d5 25.e5 d4 26.f4 Red8 27.Bd3 e6 28.Qe2 Qc6 
29.Bxa6 d3 30.cxd3 Qxc1 31.Bxb7 Rc7 32.Nb5 Rc2 33.Qf3 Qxb2 34.Nd6 Rc1 35.
h4 Rxf1+ 36.Qxf1 Na4 37.Qf3 Nc5 38.Be4 Rb8 39.h5 Qa1+ 40.Kh2 Rb1 41.Kg3 
Rf1 42.Qe3 Qe1+ 43.Qxe1 Rxe1 44.hxg6 hxg6 45.Kf2 Ra1 46.Ke3 Kf8 47.Bf3 Ke7
48.d4 Ra3+ 49.Ke2 Nd3 50.g3 Nc1+ 51.Kf2 Rd3 52.Nb5 Kd7 53.Be4 Rb3 54.Nd6 
f5 55.Bf3 Rd3 56.Nb5 Ke7 57.g4 Rb3 58.Nd6 Nd3+ 59.Ke2 Nxf4+ 60.Kf2 Nh3+ 
61.Kg2 Ng5 62.Be2 Rb2 63.Kf1 Rd2 64.Nb5 Ne4 65.Ke1 Rb2 66.Bc4 Rb1+ 67.Ke2 
Rxb5 68.gxf5 Rb2+ 69.Ke3 gxf5 0-1

[Event "IV Turniej Szachowy „Cztery Pory Roku” o Puchar Burmistrza Ursusa - grupa A"]
[Site "Dom Kultury "Kolorowa" Ursus ul. Sosnkowskiego 16"]
[Date "2011.??.??"]
[Round "2.9"]
[White "Rosiak, Tomasz"]
[Black "Matuszewski, Maciej"]
[Result "1/2-1/2"]
[WhiteElo "1450"]
[BlackElo "1632"]
[WhiteTitle "II"]
[BlackTitle "II"]

1.d4 f5 2.Nc3 Nf6 3.Bg5 g6 4.Bxf6 exf6 5.Nf3 d5 6.e3 a6 7.a3 Nc6 8.Bd3 Be6
9.O-O Qe7 10.Rc1 h5 11.Nh4 Qh7 12.f4 O-O-O 13.Qe2 Kd7 14.Na2 Bd6 15.c4 
Rde8 16.Qd2 Rhg8 17.c5 Bf8 18.Nb4 Nxb4 19.axb4 c6 20.Ra1 Ra8 21.b5 cxb5 
22.Bxb5+ Ke7 23.Qa5 Rc8 24.Bd3 Rc6 25.Ra3 Kf7 26.Rb3 Bc8 27.Rb6 Ke6 28.
Rxc6+ bxc6 29.Bxa6 Bxa6 30.Qxa6 Qd7 31.b4 Kf7 32.Ra1 Bh6 33.Qa7 Rd8 34.Kf2
Bf8 35.Ke2 Kg7 36.Kd3 Kh6 37.Qxd7 Rxd7 38.Ra6 Rc7 39.Ra4 1/2-1/2

[Event "IV Turniej Szachowy „Cztery Pory Roku” o Puchar Burmistrza Ursusa - grupa A"]
[Site "Dom Kultury "Kolorowa" Ursus ul. Sosnkowskiego 16"]
[Date "2011.??.??"]
[Round "2.10"]
[White "Mantaev, Ruslan"]
[Black "Praczukowski, Stanislaw"]
[Result "0-1"]
[WhiteElo "1271"]
[BlackElo "1628"]
[WhiteTitle "III"]
[BlackTitle "II"]

1.e4 c6 2.c4 d5 3.d3 dxc4 4.dxc4 Qxd1+ 5.Kxd1 e5 6.Be3 Nf6 7.f3 Be6 8.a3 
Nbd7 9.Nd2 a5 10.Rc1 Bc5 11.Ke2 O-O-O 12.Nb3 Bxe3 13.Kxe3 a4 14.Nd2 Nc5 
15.Rc3 Rd6 16.b4 axb3 17.Nxb3 Nfd7 18.g3 Nxb3 19.Rxb3 Nc5 20.Rc3 Rhd8 21.
Rc2 Rd1 22.Nh3 f6 23.Kf2 Kc7 24.Kg2 Nd3 25.Bxd3 Bxh3+ 26.Kxh3 Rxh1 27.Kg2 
Rd1 28.Be2 R1d2 29.Rxd2 Rxd2 30.Kf2 Ra2 0-1

[Event "IV Turniej Szachowy „Cztery Pory Roku” o Puchar Burmistrza Ursusa - grupa A"]
[Site "Dom Kultury "Kolorowa" Ursus ul. Sosnkowskiego 16"]
[Date "2011.??.??"]
[Round "3.1"]
[White "Borowicz, Przemyslaw"]
[Black "Strzemiecki, Zbigniew"]
[Result "0-1"]
[WhiteElo "2005"]
[BlackElo "2422"]
[WhiteTitle "I++"]
[BlackTitle "FM"]

1.d4 e6 2.c4 f5 3.Nc3 Nf6 4.g3 Bb4 5.Bg2 O-O 6.Qc2 Qe8 7.a3 Bxc3+ 8.Qxc3 
d6 9.Bf4 Nbd7 10.Nf3 Ne4 11.Qa5 b6 12.Qa4 Bb7 13.Rd1 a5 14.O-O Rd8 15.Ng5 
Nxg5 16.Bxg5 Bxg2 17.Kxg2 Rc8 18.b4 h6 19.Bc1 axb4 20.axb4 e5 21.Bb2 e4 
22.f4 d5 23.cxd5 Qf7 24.d6 Nf6 25.dxc7 Nd5 26.Kf2 Rxc7 27.Qb3 Rd7 28.Qc4 
Kh7 29.Rc1 Qh5 30.Rh1 g5 31.Qc6 e3+ 32.Ke1 Qf7 33.fxg5 hxg5 34.h4 g4 35.h5
Rc7 36.Qd6 Rxc1+ 37.Bxc1 Rc8 38.Bxe3 Nxe3 39.Kf2 Nc4 40.Qf4 Re8 41.Ra1 Re4
42.Qb8 f4 43.Ra7 Re7 44.Rxe7 fxg3+ 45.Kxg3 Qxe7 46.Kxg4 Qxe2+ 47.Kg5 Qg2+ 
48.Kf6 Qf3+ 49.Ke6 Qe4+ 50.Kd7 Qxd4+ 51.Kc8 Kh6 52.Kb7 Kxh5 53.Qe8+ Kg5 
54.Qg8+ Kf5 55.Qf7+ Ke4 56.Qg6+ Kf3 57.Qf5+ Ke3 58.Qg5+ Kd3 59.Qg3+ Qe3 
60.Qg7 Kc2 61.b5 Kb3 62.Qd7 Qe4+ 63.Ka7 Kb4 64.Kb8 Qe5+ 65.Ka7 Qxb5 66.Qd4
Qe5 67.Qd1 b5 0-1

[Event "IV Turniej Szachowy „Cztery Pory Roku” o Puchar Burmistrza Ursusa - grupa A"]
[Site "Dom Kultury "Kolorowa" Ursus ul. Sosnkowskiego 16"]
[Date "2011.??.??"]
[Round "3.2"]
[White "Janczarski, Michal"]
[Black "Eggink, Mateusz"]
[Result "1-0"]
[WhiteElo "2331"]
[BlackElo "1973"]
[WhiteTitle "k++"]
[BlackTitle "II+"]

1.c4 Nf6 2.g3 c5 3.Bg2 g6 4.Nc3 Bg7 5.a3 Nc6 6.Rb1 a5 7.e3 d6 8.Nge2 O-O 
9.d3 e5 10.O-O Be6 11.Qb3 Qd7 12.Qb5 Bh3 13.Nd5 Bxg2 14.Kxg2 Nxd5 15.cxd5 
Nb8 16.Nc3 a4 17.Bd2 Rd8 18.f4 f5 19.Qc4 Ra5 20.fxe5 Bxe5 21.b4 axb3 22.
Rxb3 Qe7 23.Rfb1 Nd7 24.Rxb7 Rxa3 25.Nb5 Ra1 26.Rxa1 Bxa1 27.Qa2 Qf6 28.d4
cxd4 29.Qxa1 Nc5 30.Ra7 Nb3 31.Qb2 Nxd2 32.Qxd2 dxe3 33.Qd4 1-0

[Event "IV Turniej Szachowy „Cztery Pory Roku” o Puchar Burmistrza Ursusa - grupa A"]
[Site "Dom Kultury "Kolorowa" Ursus ul. Sosnkowskiego 16"]
[Date "2011.??.??"]
[Round "3.3"]
[White "Jarmula, Lukasz"]
[Black "Grochulski, Grzegorz"]
[Result "1-0"]
[WhiteElo "1871"]
[BlackElo "2057"]
[WhiteTitle "I"]
[BlackTitle "I"]

1.e4 e6 2.d4 b6 3.Bd3 Bb7 4.Nf3 d6 5.O-O Nd7 6.Qe2 Ne7 7.c4 h6 8.h4 g6 9.
Nc3 Bg7 10.Be3 a6 11.Rad1 O-O 12.Qd2 Kh7 13.h5 Qe8 14.hxg6+ fxg6 15.Nh2 e5
16.d5 g5 17.Ne2 Nf6 18.Ng3 Bc8 19.Be2 a5 20.b3 Ng6 21.Nf5 Nxe4 22.Nxg7 
Nxd2 23.Nxe8 Nxf1 24.Nxc7 Nxe3 25.Nxa8 Nxd1 26.Bxd1 b5 27.cxb5 Bd7 28.Nc7 
Rc8 29.b6 Rb8 30.Bg4 Nf8 31.Ne6 Nxe6 32.dxe6 Bc8 33.e7 Bxg4 34.Nxg4 Kg6 
35.Ne3 Kf7 36.Nd5 h5 37.f3 Rg8 38.Kf2 g4 39.fxg4 hxg4 40.Kg3 Rg5 41.b7 Rg8
42.Nc7 Kxe7 43.Na6 Kd7 44.b8=Q Rxb8 45.Nxb8+ Kc7 46.Na6+ Kb6 47.Kxg4 Kxa6 
48.Kf5 Kb5 49.g4 Kc6 50.g5 Kd7 51.g6 Ke7 52.a3 e4 53.Kxe4 Kf6 54.b4 axb4 
55.axb4 Kxg6 56.b5 Kf7 57.b6 1-0

[Event "IV Turniej Szachowy „Cztery Pory Roku” o Puchar Burmistrza Ursusa - grupa A"]
[Site "Dom Kultury "Kolorowa" Ursus ul. Sosnkowskiego 16"]
[Date "2011.??.??"]
[Round "3.4"]
[White "Jarmula, Pawel"]
[Black "Nowicki, Bartosz"]
[Result "0-1"]
[WhiteElo "2081"]
[BlackElo "2138"]
[WhiteTitle "I"]
[BlackTitle "k"]

1.d4 d6 2.e4 g6 3.Nc3 Bg7 4.Nf3 a6 5.a4 Nd7 6.Bc4 e6 7.Be3 Ne7 8.Qd2 h6 9.
O-O b6 10.Rad1 g5 11.h4 g4 12.Nh2 h5 13.g3 Bf6 14.f4 Bb7 15.Qe2 d5 16.exd5
Nxd5 17.f5 Qe7 18.fxe6 fxe6 19.Bg5 Bxg5 20.hxg5 Nxc3 21.bxc3 h4 22.Bxe6 
O-O-O 23.d5 hxg3 24.Nxg4 Kb8 25.Rf7 Qxg5 26.a5 b5 27.Qe3 Qh4 28.Kg2 Nf8 
29.Qxg3 Nxe6 30.Qxh4 Rxh4 31.Kg3 Rh3+ 32.Kg2 Rxc3 33.Ne5 Bxd5+ 34.Kf2 
Rxc2+ 35.Ke3 Bb7 36.Rxd8+ Nxd8 37.Rf8 Ra2 38.Rxd8+ Ka7 39.Rd7 Rxa5 40.Rxc7
Kb6 41.Rc2 Ra3+ 42.Kd4 Ra4+ 43.Kc3 Rh4 44.Kb3 Bd5+ 45.Kb2 Bc4 46.Rd2 Kc5 
47.Nd7+ Kb4 48.Nb8 Rh6 49.Kb1 a5 50.Rb2+ Ka3 51.Ka1 Rd6 52.Nc6 Rxc6 53.
Ra2+ Kb4 54.Rb2+ Kc5 55.Rc2 Re6 56.Rc1 b4 0-1

[Event "IV Turniej Szachowy „Cztery Pory Roku” o Puchar Burmistrza Ursusa - grupa A"]
[Site "Dom Kultury "Kolorowa" Ursus ul. Sosnkowskiego 16"]
[Date "2011.??.??"]
[Round "3.5"]
[White "Brudzinski, Maciej"]
[Black "Rogalski, Krzysztof"]
[Result "1-0"]
[WhiteElo "1879"]
[BlackElo "1919"]
[WhiteTitle "I+"]
[BlackTitle "I"]

1.e4 c5 2.Nf3 e6 3.d3 Nc6 4.Nbd2 g6 5.g3 Bg7 6.Bg2 Nge7 7.c3 d5 8.O-O O-O 
9.Re1 b5 10.e5 Qc7 11.Qe2 Bb7 12.Nb3 Na5 13.Bf4 c4 14.Nbd4 cxd3 15.Qxd3 a6
16.b3 Rac8 17.Rac1 Qd7 18.g4 Rc7 19.Qe3 Rfc8 20.h4 Nec6 21.Ne2 Ne7 22.Bh6 
Nac6 23.Qg5 Bh8 24.Ng3 d4 25.Nh5 Nd5 26.c4 Ncb4 27.a3 Qe7 28.axb4 Qxg5 29.
Bxg5 bxc4 30.bxc4 Rxc4 31.Rxc4 Rxc4 32.Nf6+ Bxf6 33.exf6 Rxb4 34.Ne5 Nc3 
35.Bxb7 Rxb7 36.Bd2 Rb5 37.Nc6 Rb1 38.Bxc3 1-0

[Event "IV Turniej Szachowy „Cztery Pory Roku” o Puchar Burmistrza Ursusa - grupa A"]
[Site "Dom Kultury "Kolorowa" Ursus ul. Sosnkowskiego 16"]
[Date "2011.??.??"]
[Round "3.6"]
[White "Fraczek, Lukasz"]
[Black "Kaminska, Paulina"]
[Result "0-1"]
[WhiteElo "1503"]
[BlackElo "1914"]
[WhiteTitle "III"]
[BlackTitle "k"]

1.e4 e5 2.Nf3 Nc6 3.Bc4 Bc5 4.c3 Nf6 5.d3 d6 6.O-O Bb6 7.Be3 O-O 8.Nbd2 
Ne7 9.Re1 Ng6 10.Nf1 c6 11.Bb3 Bc7 12.Ng3 d5 13.Bg5 Be6 14.exd5 Bxd5 15.c4
Be6 16.Ne4 Re8 17.Bxf6 gxf6 18.d4 f5 19.Nc5 e4 20.d5 cxd5 21.cxd5 Bc8 22.
Nd4 Qd6 23.Rc1 Qxh2+ 24.Kf1 Nf4 0-1